000 00439nam a22001817a 4500
005 20260402151256.0
008 260402b |||||||| |||| 00| 0 eng d
020 _a9788194165903
041 _aEnglish
082 _a346.0436 SIN
100 _a Sinha, R.K
245 _aTransfer of Property
250 _a20th
260 _aAllahabad:
_bCentral Law Agency,
_c2019.
300 _a528 p
650 _aTransfer of Property
942 _cDB
999 _c9598
_d9598